000 00690nam a2200229Ia 4500
003 OSt
005 20220926021115.0
006 a|||||r|||| 00| 0
007 ta
008 220923b |||||||| |||| 00| 0 eng d
037 _cGeneral Book
040 _aRTL
_cRTL
_beng
041 _2eng
_aeng
082 _aX . 6 . N67r, K7/UN
110 _aUNITED NATIONS , ECONOMIC AND SOCIAL COUNCIL
245 0 _aEconomic Commission for Africa
_b Annual report .
260 _aNew York
_bU . N
_c1967
300 _aviii , 335p
_ccm.
700 _aUNITED NATIONS , ECONOMIC AND SOCIAL COUNCIL
942 _hX . 6 . N67r, K7/UN
_cGB
_2CC
999 _c635784
_d635784